Real Madrid CF Squad 2000-2001 - Statistics

General Stats
  • This quiz has been taken 143 times
  • The average score is 14 of 27
Answer Stats
# Position Nation Player % Correct
10 FW Portugal Luís Figo
98%
7 FW Spain Raúl González
95%
4 DF Spain Fernando Hierro
86%
3 DF Brazil Roberto Carlos
86%
9 FW Spain Fernando Morientes
79%
25 GK Spain Iker Casillas
76%
2 DF Spain Míchel Salgado
76%
8 MF England Steve McManaman
76%
14 MF Spain Guti
74%
24 MF France Claude Makélélé
60%
6 DF Spain Iván Helguera
60%
- Coach Spain Vicente del Bosque
60%
1 GK Germany Bodo Illgner
59%
21 MF Argentina Santiago Solari
53%
13 GK Spain César Sánchez
45%
5 DF Spain Manolo Sanchís
45%
11 FW Brazil Sávio Bortolini
43%
15 MF Cameroon Geremi Njitap
36%
18 DF Spain Aitor Karanka
31%
12 MF Spain Iván Campo
28%
17 FW Spain Pedro Munitis
28%
16 MF Brazil Flávio Conceição
24%
20 MF Spain Albert Celades
12%
26 MF Spain Alberto Rivera
12%
19 MF Spain Tote
12%
22 MF Spain Álvaro Benito
10%
26 FW Serbia Perica Ognjenović
10%
No matching quizzes found
Score Distribution
Percent of People with Each Score
Percentile by Number Answered
Your Score History
You have not taken this quiz